000 01265nam0a2200301 4500
001 RU\NLR\bibl\1441897
005 20260405180457.0
010 _a978-5-89988-589-11
_9500
021 _aRU
_b2009-78639
_94927
035 _a(NLR Aleph) 001433749
090 _a1419102
_c1419102
100 _a20091123d2009 |||y0rusy50 ca
101 0 _arus
102 _aRU
105 _aa |||||||||
200 1 _aОсновы менеджмента
_eучебное пособие
_fВ.А. Наумов
_gМ-во образования и науки Рос. Федерации, Тюмен. гос. нефтегазовый ун-т, Фил в г. Нижневартовске
210 _aНижневартовск
_cНГГУ
_d2009
215 _a114 с.
_d21
320 _aБиблиогр.: с. 103 (14 назв.)
606 1 _aМенеджмент
_jУчебные издания для высших учебных заведений
_91566100
_3RU\NLR\auth\66685658
686 _aУ21(0)я73
700 1 _4070
_7ca
_8rus
_aНаумов
_bВ. А.
_cэкономист
_gВасилий Александрович
_960363
_3RU\NLR\auth\7777435
801 0 _aRU
_bNLR
_c20091123
_gRCR
801 1 _aRU
_bNLR
_c20091123
942 _cBOOK
980 _aNB
980 _aNBR